Liverpool Premier League Scorers Under Klopp - Statistics

General Stats
  • This quiz has been taken 1,337 times
  • The average score is 16 of 29
Answer Stats
Goals Answer % Correct
45 Salah
99%
31 Mane
98%
44 Firmino
97%
4 Henderson
90%
1 Van Dijk
86%
1 Robertson
83%
13 Origi
76%
14 Milner
75%
27 Coutinho
74%
3 Matip
71%
1 Fabinho
68%
2 Alexander-Arnold
66%
8 Wijnaldum
65%
13 Sturridge
61%
5 Lovren
60%
12 Lallana
59%
1 Clyne
47%
9 Can
44%
1 Moreno
44%
6 Shaqiri
42%
3 Oxlade-Chamberlain
38%
7 Benteke
36%
1 Sakho
30%
1 Skrtel
28%
1 Klavan
22%
1 Solanke
22%
1 Ibe
21%
2 Allen
18%
1 Toure
13%
No matching quizzes found
Score Distribution
Percent of People with Each Score
Percentile by Number Answered
Your Score History
You have not taken this quiz